000 00469cam a22001932a 4500
001 012080
003 AR-FADEU
008 311216n1969####xxu####################dd
092 _a398.07
_bP285
100 _aPassafari, Clara
245 _aFolklore y Educación
260 _aBuenos Aires
260 _bAngel Estrada
260 _c1969
300 _a115 p.
440 _aBiblioteca de Ciencias de la Educación
650 _aFOLKLORE Y ESCUELA
942 _cBDGR
999 _c17853
_d17853